Happier Than Ever By Billie Eilish all songs - Statistics

General Stats
  • This quiz has been taken 46 times
  • The average score is 14 of 16
Answer Stats
Number Song Title % Correct
Song 15 Happier Than Ever
100%
Song 1 Getting Older
92%
Song 8 Halley's Comet
89%
Song 16 Male Fantasy
89%
Song 4 my future
89%
Song 13 NDA
89%
Song 3 Billie Bossa Nova
87%
Song 6 GOLDWING
87%
Song 9 Not My Responsibility
87%
Song 2 I Didn't Change My Number
84%
Song 7 Lost Cause
84%
Song 5 Oxytocin
84%
Song 14 Therefore I Am
84%
Song 12 Your Power
82%
Song 11 Everybody Dies
74%
Song 10 OverHeated
74%
No matching quizzes found
Score Distribution
Percent of People with Each Score
Percentile by Number Answered
Your Score History
You have not taken this quiz